| 000 | 00471cam a2200181ua 4500 | ||
|---|---|---|---|
| 020 |
_a81-7224-773-7 _c295.00 |
||
| 041 |
_aeng _h |
||
| 082 |
_a621.815 _bORT/MA |
||
| 100 | _aWilliam, Orthwein . | ||
| 245 |
_aMachine component design / _cOrthwein William. _hTextual Documents |
||
| 260 |
_aMumbai : _bJaico Publishing House , _c1999. |
||
| 300 | _a999 ; . | ||
| 365 | _a295.00 | ||
| 500 | _a**Reference | ||
| 504 | _a | ||
| 942 | _cBK | ||
| 999 |
_c11190 _d11190 |
||